00386cam a22001457i 4500020003900000041000800039082001500047100002000062245001800082260004000100300002300140500003500163650001800198650002400216 a9780300186536 (cloth : alk. paper) aENG a201.7bVOL1 aVolf, Miroslav,10aFlourishing : aLondonbYale University Pressc2015 axviii, 280 pages ; aMinimal Level Cataloging Plus. 0aGlobalization 0aReligion and state.